00685nam a2200193Ia 4500008004100000020001800041082001500059100002300074245006000097250000700157260007000164300003100234500001900265600003300284650001600317942000700333952013400340999001700474240925s9999 xx 000 0 und d a9780070616094 a515.35 SIM aSimmons, George F. 0aDifferential Equations: theory, technique, and practice aNA aNew Delhi:bMcGraw Hill Education (India) Private Limitedc,2007. aVarious pagesb0fOriginal aIncludes Index aHumanities & Natural Science aMathematics cBK 001040708HUMaUITUbUITUd2019-02-02eAllied Book Companyg1700.28l0o515.35 SIMpQ14391r2024-09-25 07:17:17w2024-09-25yBK c16890d16890